|
|
|
|
| LEADER |
01404nam a2200277 a 4500 |
| 001 |
c000015861 |
| 003 |
CARM |
| 005 |
00000000000000.0 |
| 008 |
891129s1955 pau 00000 eng d |
| 019 |
1 |
|
|a 6731337
|z 28043235
|5 LACONCORD2021
|
| 035 |
|
|
|a (OCoLC)1691119
|5 LACONCORD2021
|
| 040 |
|
|
|a NUN
|c NUN
|
| 245 |
0 |
0 |
|a ASTM viscosity index calculated from Kinematic viscosity.
|
| 260 |
|
|
|a Philadelphia, Pa. :
|b American Society for Testing Materials,
|c 1955.
|
| 300 |
|
|
|a vi, 826p.
|
| 440 |
|
0 |
|a ASTM special technical publication ;
|v no.168.
|
| 500 |
|
|
|a Spine title: ASTM viscosity index tables.
|
| 500 |
|
|
|a "Prepared by Section A on on Viscosity Methods for Newtorian Liquids, of Reasearch Division VII on Flow Properties of ASTM Committee D-2 on Petroleum Products and Lubricants"--p.iii.
|
| 650 |
|
0 |
|a Viscosity
|x Tables.
|
| 650 |
|
0 |
|a Petroleum products
|x Thermal properties
|x Tables.
|
| 710 |
2 |
0 |
|a American Society for Testing Materials.
|b Committee D-2 on Petroleum Products and Lubricants.
|b Research Division VII on Flow Properties.
|b Section A on Viscosity Methods for New tonian Liquids.
|
| 740 |
0 |
1 |
|a ASTM viscosity index tables.
|
| 852 |
8 |
|
|b CARM
|h A2:AG29F0
|i C02769
|p 0108869
|f BK
|
| 082 |
0 |
|
|a 665.538
|
| 999 |
f |
f |
|i dce93172-e2b1-5074-af1f-cbbfd1d624d5
|s 4984b91f-2438-5199-aa41-ace4b5ad1642
|
| 952 |
f |
f |
|p Can circulate
|a CAVAL
|b CAVAL
|c CAVAL
|d CARM 1 Store
|e C02769
|f A2:AG29F0
|h Other scheme
|i book
|m 0108869
|